Champions League Clubs Top Scorers - 2020's - Statistics

General Stats
  • This quiz has been taken 206 times
  • The average score is 28 of 38
Answer Stats
Answer % Correct
Harry Kane
99%
Karim Benzema
99%
Erling Haaland
98%
Ousmane Dembele
98%
Kylian Mbappe
97%
Robert Lewandowski
97%
Riyad Mahrez
96%
Vinicius Jr
96%
Antoine Griezmann
95%
Mohamed Salah
95%
Julian Alvarez
94%
Lautaro Martinez
94%
Raphinha
94%
Edin Dzeko
92%
Lionel Messi
92%
Jude Bellingham
90%
Dusan Vlahovic
88%
Joao Felix
88%
Serhou Guirassy
84%
Andre Silva
83%
Eric-Maxim Choupo-Moting
81%
Paulo Dybala
80%
Timo Werner
79%
Alvaro Morata
74%
Marco Arnautovic
72%
Mehdi Taremi
69%
Olivier Giroud
66%
Lois Openda
64%
Darwin Nunez
59%
Vangelis Pavlidis
58%
Harvey Elliott
56%
Ferran Torres
55%
Niclas Füllkrug
48%
Raheem Sterling
42%
Angelino
29%
Galeno
19%
Joao Mario
17%
Sérgio Oliveira
8%
No matching quizzes found
Score Distribution
Percent of People with Each Score
Percentile by Number Answered
Your Score History
You have not taken this quiz